书目信息 |
| 题名: |
知识社会学问题
|
|
| 作者: | 舍勒 著 | |
| 分册: | ||
| 出版信息: | 北京 华夏出版社 1999.09 |
|
| 页数: | 278页 | |
| 开本: | 32开 | |
| 丛书名: | ||
| 单 册: | ||
| 中图分类: | C912.67 | |
| 科图分类: | ||
| 主题词: | 社会结构 , 社会关系 | |
| 电子资源: | ||
| ISBN: | 7-5080-1811-7 | |
| 000 | 00568nam0 2200205 45 | |
| 001 | 0008171591 | |
| 005 | 20000817151033.1 | |
| 010 | @a7-5080-1811-7@d28.00元 | |
| 100 | @a20000817d1999 km y0chiy0120 ea | |
| 101 | 0 | @achi |
| 105 | @a z 000yy | |
| 200 | 1 | @a知识社会学问题@AZhi Shi She Hui Xue Wen Ti@f(德)舍勒著@F(De)She Le Zhu |
| 210 | @a北京@c华夏出版社@d1999.09 | |
| 215 | @a278页@d32开 | |
| 606 | 0 | @a社会结构 |
| 606 | 0 | @a社会关系 |
| 690 | @aC912.67@v3 | |
| 701 | 0 | @a舍勒@4著 |
| 801 | @aCN@bPftUser@c20000817 | |
| 905 | @b109057-059@dC912.67@eSH.063@f3 | |
| 知识社会学问题/(德)舍勒著.-北京:华夏出版社,1999.09 |
| 278页;32开 |
| ISBN 7-5080-1811-7:28.00元 |
| ● |
| 相关链接 |
|
|
|
正题名:知识社会学问题
索取号:C912.67/SH.063
 
预约/预借
| 序号 | 登录号 | 条形码 | 馆藏地/架位号 | 状态 | 备注 |
| 1 | 109057 | 201090577 | 社科库509/509社科库 59排9列3层/ [索取号:C912.67/SH.063] | 在馆 | |
| 2 | 109058 | 201090586 | 社科库509/509社科库 59排9列3层/ [索取号:C912.67/SH.063] | 在馆 | |
| 3 | 109059 | 201090595 | 社科库509/509社科库 59排9列3层/ [索取号:C912.67/SH.063] | 在馆 |